000 00961cam a22002531i 4500
003 SA-RiAUC
005 20241211142142.0
008 241211s1993 su f 000 0 ara c
040 _aSD-OmOIU
_bara
_cSA-RiAUC.
_erda
050 4 _bH37 1993
082 0 4 _a245.9
_qSA-RiAUC
090 _a245.9
_b ح ر ب
100 1 _aالحربي، أحمد بن عوض الله بن داخل
_eمؤلف.
245 1 2 _aالماتريدية :
_bدارسة وتقويم /
_cأحمد بن عوض بن داخل اللهيبي الحربي.
250 _aالطبعة الأولى.
264 1 _aالرياض :
_bدار العاصمة،
_c1993
300 _a576 صفحة ؛
_c24 سم
336 _aنص
_btxt
_2rdacontent
_3كتاب
337 _aبدون وسيط
_bn
_2rdamedia
338 _aمجلد
_bnc
_2rdacarrier
650 7 _aالماتريدية (فرقة إسلامية)
_2aucsh
942 _2ddc
_cBOOK
_n0
949 _aSA-JeALM
_d241211
_umohamedma123
_n1
999 _c3349
_d3349